Statistics for Interesting Facts Quiz #3

Click here to take the quiz!

General Stats

  • This quiz has been taken 9,462 times
  • The average score is 11 of 20

Answer Stats

Answer % Correct
When people get a {kidney} transplant, the original {kidney} is not generally removed,
leaving the recipient with three
89%
Lemons float, but {limes} sink
81%
About 50% of the world's {gold} was mined in South Africa
81%
The {guillotine} was invented as a humane way to execute someone. But it wasn't just used during the
French Revolution. France used it for executions until 1977.
79%
Corn {flakes} were originally designed by Dr. Kellogg as part of a bland vegetarian diet meant
to reduce sexual desire.
68%
Just before the U.S. trade embargo with Cuba went into effect in 1962, John F. Kennedy asked his
Press Secretary to get him 1,000 Cuban {cigars}.
65%
Marlon Brando was only 47 years old when he filmed {The} {Godfather}
65%
Males bees are known as {drones}. They don't have stingers and don't collect nectar. Their main purpose
is to mate with a queen bee.
62%
{China} only has one time zone. This means that the sun can rise 3 hours earlier in the
eastern part of the country than in the west.
62%
In the year 1913, Hitler, Stalin, Trotsky, Tito, and Freud all lived in the city of {Vienna}.
58%
{Flammable} and inflammable mean the same thing
58%
In the Middle Ages, some people believed that narwhal tusks came from {unicorns}
54%
France's longest land border is with {Brazil}
50%
Just one deathcap {mushroom} has enough toxin to kill an adult human
48%
{Winston} {Churchill} never said that the traditions of the British navy were "rum, sodomy, and the lash"
48%
People had every reason to expect the {Spanish} {Inquisition}. When arriving in a city, they would announce
themselves and give heretics a few weeks to confess without severe punishment.
45%
U.S. President {Andrew} {Jackson} once killed a man in a duel
33%
In the country of {South} {Korea}, it is a common belief that people can die if they sleep in a
closed room with an electric fan running
29%
There are an estimated 3.04 trillion {trees} on Earth. (Slightly more thanks to JetPunk users like you!)
28%
Humans have 3 types of {cone} cells in their eyes, but birds have 4. This allows them to see light
in the ultraviolet spectrum.
24%

Score Distribution

Percentile by Number Answered

Percent of People with Each Score

Your Score History

You have not taken this quiz